00000000nam 2200000zi 4500
0019.946806
003CaOODSP
00520250122135918
006m     o  d f      
007cr gn|||||||||
008250113t20102010oncad   o    f001 0 eng d
020 |z0660199771
040 |aCaOODSP|beng|erda|cCaOODSP
043 |an-cn---
0861 |aNR20-3/1-2010E-PDF|zNR20-3/1-2010E
24500|aNational Plumbing Code of Canada 2010 / |cissued by the Canadian Commission on Building and Fire Codes, National Research Council of Canada.
250 |aNinth edition.
264 1|aOttawa : |bNational Research Council of Canada, |c2010.
264 4|c©2010
300 |a1 online resource (1 volume (various pagings)) : |billustrations, graphs
336 |atext|btxt|2rdacontent
337 |acomputer|bc|2rdamedia
338 |aonline resource|bcr|2rdacarrier
500 |aCover title.
500 |aIssued also in French under title: Code national de la plomberie - Canada 2010.
500 |aDigitized edition from print [produced by National Research Council of Canada].
500 |a"Third printing."
500 |a"Includes errata released on December 21, 2012 and revisions released on October 31, 2013."
500 |a"First edition 1970, second edition 1975, third edition 1977, fourth edition 1980, fifth edition 1985, sixth edition 1990, seventh edition 1995, eighth edition 2005."
500 |aIncludes index.
520 |a"The National Plumbing Code of Canada 2010, together with the National Building Code of Canada 2010 and the National Fire Code of Canada 2010, is an objective-based National Model Code that can be adopted by provincial and territorial governments. In Canada, provincial and territorial governments have the authority to enact legislation that regulates the design and installation of plumbing systems within their jurisdictions.This legislation may include the adoption of the National Plumbing Code (NPC) without change or with modifications to suit local needs, and the enactment of other laws and regulations regarding plumbing system design and installation, including the requirements for professional involvement. The NPC is a model code in the sense that it helps promote consistency among provincial and territorial plumbing codes. Persons involved in the design or installation of plumbing systems should consult the provincial or territorial government concerned to find out which plumbing code is applicable. This edition of the NPC succeeds the 2005 edition"--Preface, page v.
650 0|aPlumbing|xLaw and legislation|zCanada.
650 0|aPlumbing|xStandards|zCanada.
7102 |aCanadian Commission on Building and Fire Codes, |eissuing body.
77508|tCode national de la plomberie - Canada 2010 / |w(CaOODSP)9.946818
794 |tNational plumbing code of Canada 2015 |w(CaOODSP)9.804882
795 |tNational Plumbing Code of Canada 2005 / |w(CaOODSP)9.946744
85640|qPDF|s4.72 MB|uhttps://publications.gc.ca/collections/collection_2025/cnrc-nrc/NR20-3-1-2010-eng.pdf
986 |aNRCC 53302